Statistics for Shorthand Acronyms Fast-Type #1

Click here to take the quiz!

General Stats

  • This quiz has been taken 35 times
  • The average score is 5 of 10

Answer Stats

HintAnswer% Correct
LMAOLaugh My Ass Off
81%
LOLLaugh Out Loud
76%
AFKAway From Keyboard
67%
TBHTo Be Honest
67%
RNRight Now
57%
LMKLet Me Know
52%
BTWBy The Way
43%
AKAAlso Known As
38%
FYIFor Your Information
38%
BRBBe Right Back
29%

Score Distribution

Percentile by Number Answered

Percent of People with Each Score

Your Score History

You have not taken this quiz